000 00986cam a22003133a 4500
001 16409847
003 OSt
005 20140407131805.0
008 950110s1995 nyua j 000 1 eng d
010 _a 97817346
020 _a0590481142 (pbk.) :
035 _a(OCoLC)ocm31793222
040 _aEOW
_cEOW
_dSLC
_dOCL
_dDLC
050 0 0 _aPZ 7
_b.D121b12 1995
100 1 _aDadey, Debbie.
_94137
245 1 0 _aCupid doesn't flip hamburgers /
_cDebbie Dadey and Marcia Thornton Jones
260 _aNew York :
_bScholastic,
_c1995.
300 _a76 p. :
_bill. ;
_c20 cm.
490 1 _aAdventures of the Bailey School kids
500 _a"A Little Apple paperback."
521 _aG4
526 _c600
655 7 _aYoung adult fiction.
_2lcsh
_93735
700 1 _aJones, Marcia
_q(Marcia Thornton)
_927134
710 2 _aCopyright Paperback Collection (Library of Congress)
_5DLC
_9705
906 _a7
_bcbc
_ccopycat
_d2
_encip
_f19
_gy-genrareb
942 _2lcc
_cBK
999 _c47353
_d47353